| 000 | 01315nam a2200325Ia 4500 | ||
|---|---|---|---|
| 001 | ebr10748461 | ||
| 003 | CaPaEBR | ||
| 006 | m o u | ||
| 007 | cr cn||||||||| | ||
| 008 | 130606s2013 paua sb 001 0 eng d | ||
| 010 | _z 2013370572 | ||
| 020 | _z9780812207743 | ||
| 020 | _z0812244818 | ||
| 020 | _z9780812244816 | ||
| 040 |
_aCaPaEBR _cCaPaEBR |
||
| 035 | _a(OCoLC)858126085 | ||
| 050 | 1 | 4 |
_aHD8039.A43 _bV36 2013eb |
| 082 | 0 | 4 |
_a387.74202373 _223 |
| 100 | 1 | _aVantoch, Vicki. | |
| 245 | 1 | 4 |
_aThe jet sex _h[electronic resource] : _bairline stewardesses and the making of an American icon / _cVictoria Vantoch. |
| 260 |
_aPhiladelphia, Penn. : _bUniversity of Pennsylvania Press, _cc2013. |
||
| 300 |
_a287 p. : _bill. |
||
| 504 | _aIncludes bibliographical references (p. [215]-272) and index. | ||
| 533 |
_aElectronic reproduction. _bPalo Alto, Calif. : _cebrary, _d2013. _nAvailable via World Wide Web. _nAccess may be limited to ebrary affiliated libraries. |
||
| 650 | 0 |
_aFlight attendants _zUnited States _xHistory _y20th century. |
|
| 650 | 0 |
_aAir travel _xHistory _y20th century. |
|
| 655 | 7 |
_aElectronic books. _2local |
|
| 710 | 2 | _aebrary, Inc. | |
| 856 | 4 | 0 |
_uhttp://site.ebrary.com/lib/rucke/Doc?id=10748461 _zAn electronic book accessible through the World Wide Web; click to view |
| 999 |
_c219124 _d219124 |
||